000
00267nam a22001097a 4500
082
_a
620.11 HOL'E
100
_a
HOLES, K. A
_9
57249
245
_a
EXPERIMENTAL STRENGTH OF MATERIALS A LABORATORY MANUAL
260
_a
LONDON
_b
eup
_c
1966
300
_a
170P
942
_c
BK
999
_c
567540
_d
567540